Príspevok k vyšetrovaniu iónooptických vlastností urýchlovacej trubice neutrónového generátora : Kand.diz.práca : V.odb. 11-30-9 : Obh. 31.05.1967 /

Salvato in:
Dettagli Bibliografici
Autore principale: Petráš, Jozef (Autore)
Altri autori: Cirák, Július, 1953- (Relatore della tesi)
Natura: Manoscritto Libro
Pubblicazione: Bratislava : SVŠT v Bratislave EF, 1966
Soggetti:
Tags: Aggiungi Tag
Nessun Tag, puoi essere il primo ad aggiungerne!!

MARC

LEADER 00000ntm a22000003a 4500
001 stu5591
005 20150617225808.3
008 ------s1966----------------------------d
040 |a STU  |b slo 
041 0
100 1 |a Petráš, Jozef  |4 aut 
245 1 |a Príspevok k vyšetrovaniu iónooptických vlastností urýchlovacej trubice neutrónového generátora :  |b Kand.diz.práca : V.odb. 11-30-9 : Obh. 31.05.1967 /  |c [aut.] Petráš,Jozef, Ing.; Škol. Cirák,Július 
260 |a Bratislava :  |b SVŠT v Bratislave EF,  |c 1966 
300 |a 153 s 
650 7 |a aplikovaná fyzika  |2 stusub 
700 1 |a Cirák, Július,  |d 1953-  |4 ths  |u E060  |U FEI Fakulta elektrotechniky a informatiky  |T FEI Ústav jadrového a fyzikálneho inžinierstva  |X 2035  |U E060  |Y 817  |7 A000002035 
996 |b 284ED00592  |c E*KDIZ-60  |l EE01  |s A  |a 24  |w stu5591_0001